| 000 | 00414nam a2200157Ia 4500 | ||
|---|---|---|---|
| 005 | 20250519141732.0 | ||
| 008 | 231217s9999 xx 000 0 und d | ||
| 020 | _a9780072349832 | ||
| 082 | _a001.6424MAT PAL;1 R | ||
| 100 | _aPalm III, William J. | ||
| 245 | 0 | _aIntroduction to MATLAB 6 for engineers | |
| 260 |
_c2001 _bMcgraw-Hill _aNew Delhi |
||
| 300 | _axiii, 600 | ||
| 650 | _aMATLAB,6 | ||
| 942 | _cAA | ||
| 999 |
_c191371 _d191371 |
||